Songs Performed By Queen at Live Aid - Statistics

General Stats
  • This quiz has been taken 612 times
  • The average score is 5 of 7
Answer Stats
Song % Correct
Bohemian Rhapsody
98%
We Are the Champions
91%
Radio Ga Ga
89%
We Will Rock You
84%
Hammer to Fall
79%
Crazy Little Thing Called Love
59%
Vocal improvisation
5%
No matching quizzes found
Score Distribution
Percent of People with Each Score
Percentile by Number Answered
Your Score History
You have not taken this quiz